Secuencia didáctica que presenta el Estado de México del libro "Diez nuevas competencias para enseñar de Philippe Perrenoud"

Guardat en:
Dades bibliogràfiques
Autor principal: Chimal Núñez, Ciriaco [et al.], (autor)
Format: Llibre
Idioma:espanyol
Matèries:
Accés en línia:Ver documento en línea
Etiquetes: Afegir etiqueta
Sense etiquetes, Sigues el primer a etiquetar aquest registre!

MARC

LEADER 00000nam^a2200000^u^4500
001 000515109
005 20260413000000.0
008 101012s1000^^^^^^^^^^^^r^^^^^000^0^spa^d
009 20260413194503.985
035 |a FCE 000059324 
037 |a Acervo ITESO - Biblioteca 
041 |a spa 
082 0 4 |a 288 
100 |a Chimal Núñez, Ciriaco  |e [et al.]  |e (autor) 
245 1 0 |a Secuencia didáctica que presenta el Estado de México del libro "Diez nuevas competencias para enseñar de Philippe Perrenoud" 
246 2 |a También se conoce como Proyecto: Biblioteca para la actualización de maestros BAM. Un recurso para apoyar el trayecto formativo de docentes. 
264 |a México:  |b SEP: SEB: DGME,  |c 2007. 
300 |a 92 p. 
336 |a texto  |b txt  |2 rdacontenido 
337 |a sin mediación  |b n  |2 rdamedio 
338 |a volumen  |b nc  |2 rdasoporte 
596 |a Archivo en formato PDF. 
596 |a Forma de Acceso: Internet vía la World Wide Web. 
596 |a Requerimientos del sistema. Internet connectivity, World Wide Web browser. 
649 |a XX 
650 |a Taller 
650 |a Competencias 
650 |a Actualización docente 
856 4 0 |u https://lectura.dgme.sep.gob.mx/3FormacionYAcomanamiento/2FormacionParaElUsoDeLasBE/5LecturaEnLosCentrosDeMaestros/secuencia_didactica/edomex_dieznuevascomp.pdf  |y Ver documento en línea 
910 |a Fondo Centro de Estudios Educativos 
920 |a Impresos - Libros 
930 |a Fondos Especiales 
905 |a 133 
902 |a https://opac.biblio.iteso.mx/vufind/Record/000515109